Bilecik Bilecik Bilecik Bilecik Bilecik

İslâmın bugünkü meseleleri/ (Record no. 9438)

MARC details
000 -BAŞLIK
Sabit Uzunluktaki Kontrol Alanı 01876nam a22003497a 4500
001 - KONTROL NUMARASI
Control Dosyası 0009466
003 - KONTROL NUMARASI KİMLİĞİ
Kontrol Alanı KOHA_MİRAKIL
005 - EN SON İŞLEM TARİHİ ve ZAMANI
Kontrol Alanı 20260207001710.0
007 - FİZİKSEL TANIM SABİT ALAN - GENEL BİLGİ
Sabit uzunluklu kontrol alanı ta
008 - SABİT UZUNLUKTAKİ VERİ ÖGELERİ - GENEL BİLGİ
Sabit Alan 091020b2009 tu |||gr||||#||||0|tur |
020 ## - ISBN - ULUSLARARASI STANDART KİTAP NUMARASI
Isbn 9789754370164
040 ## - KATALOGLAMA KAYNAĞI
Özgün Kataloglama Kurumu TR-BiSEU
Kataloglama Dili tur
Çeviri Kurumu TR-BiSEU
Açıklama Kuralları rda
041 0# - DİL KODU
Metin ya da ses kaydının dil kodu tur
044 ## - YAYINLAYAN/ÜRETEN KURULUŞUN ÜLKE KODU
ISO country code tu
050 ## - SINIFLAMA ve YER NUMARASI
Sınıflama Numarası BP163
Yer Numarası .G86 2009
100 1# - KİŞİ ADI
Yazar Adı (Kişi adı) Güngör, Erol.
245 1# - ESER ADI BİLDİRİMİ
Başlık İslâmın bugünkü meseleleri/
Sorumluluk Bildirimi Erol Güngör ; Erol Güngör.
250 ## - BASIM BİLDİRİMİ
Basım Bildirimi 13. basım.
264 #1 - ÜRERİM, YAYIN, DAĞITIM ve TELİF BİLDİRİMİ
Yayın yeri İstanbul :
Yayınlayan Ötüken
Yayın tarihi 2009
300 ## - FİZİKSEL TANIMLAMA
Sayfa, Cilt vb. 264 sayfa; 20 cm.
336 ## - İÇERİK TÜRÜ
Content type term metin
Content type code txt
Source rdacontent
337 ## - MEDYA TÜRÜ
Media type term aracısız
Media type code n
Source rdamedia
338 ## - TAŞIYICI TÜRÜ
Carrier type term cilt
Carrier type code nc
Source rdacarrier
490 1# - DİZİ BİLDİRİMİ
Dizi Bildirimi Yayın nu ;
Cilt Numarası 161.
490 1# - DİZİ BİLDİRİMİ
Dizi Bildirimi Kültür serisi ;
Cilt Numarası 30.
505 ## - İÇİNDEKİLER NOTU
İçindekiler Notu Yazıldığı dönemde seviyeli bir entelektüel tartışmaya zemin hazırlamıştır. İslam Davasının siyasi bir dava olduğuna inanmayan yazarın, geçtiğimiz yüzyılın ikinci yarısında vücuda gelen "uyanış" ve bu uyanışın Türkiye'ye akseden çeşitli tezahürlerini ele aldığı kitabıdır. 19. yüzyılda İslam'ın ortaya koyduğu medeniyetin mağlup olduğuna, fakat temel problemin, modern hayata uygun bir hukuk sisteminin yeniden üretilememesinde yattığına dikkat çeker. İçtihat kapısının kapalı olduğu yönündeki görüşleri eleştirir. İslam'ın, kendi içinde tutarlı ve dengeli bir değerler sistemi sunduğunu, çağımızın İslam prensiplerine çok geniş bir uygulama sahası verebileceğini öne sürer. Sözü geçen uyanışın hangi hal ve şartlarda köklü ve kalıcı neticeler doğurabileceğini anlamak için mutlaka okunması gereken bir eser
650 #0 - KONU BAŞLIĞI EK GİRİŞ - KONU TERİMİ
Konusal terim veya coğrafi ad Islam 20th century.
9 (RLIN) 23456
650 #0 - KONU BAŞLIĞI EK GİRİŞ - KONU TERİMİ
Konusal terim veya coğrafi ad Civilization, Islamic.
9 (RLIN) 11697
830 1# - SERİ EK GİRİŞİ - TEKBİÇİM ESER ADI
Tekbiçim Başlık Yayın nu ;
Volume number/sequential designation 161.
9 (RLIN) 9059
830 1# - SERİ EK GİRİŞİ - TEKBİÇİM ESER ADI
Tekbiçim Başlık Kültür serisi ;
Volume number/sequential designation 30.
9 (RLIN) 5523
942 ## - EK GİRİŞ ÖGELERİ (KOHA)
Source of classification or shelving scheme Library of Congress Classification
Koha item type Book
Holdings
Materyal Türü Kalıcı Konum Mevcut Konum Raf Yeri Sınıflandırma Kaynağı Edinim Bilgisi Ana Konular Alt Konular Yer Numarası Demirbaş Numarası Fatura Tarihi Maliyet, Alış Fiyatı Maliyet, Yenileme Fiyatı Geri Çekilme Durumu Kayıp Durumu Hasarlı Durumu Kredi için değil Kayıt Tarih Toplam Ödünçverme Son Görülme Tarihi Son Kontrol Tarihi Genel / Bağış Notu
Book Prof. Dr. Azmi Özcan Kütüphanesi Prof. Dr. Azmi Özcan Kütüphanesi Uluğbey Salonu Library of Congress Classification Bağış FELSEFE, PSİKOLOJİ, DİN İslam, Bahailik, Teozofi vb. BP163 .G86 2009 0009466 13/08/2010 15.00 15.00         20/10/2009 4 05/12/2024 05/12/2024 Ötüken Yayınevi